Polskie miasta powyżej 30'000 mieszkańców (Polish cities) - Statystyki

Ogólne statystyki
  • Ten quiz został rozwiązany 15 294 razy
  • Średni wynik to 59 z 154
Statystyki odpowiedzi
ludność województwo miasto % Poprawnych
1 753 977 mazowieckie Warszawa
98%
765 320 małopolskie Kraków
96%
463 754 pomorskie Gdańsk
95%
696 503 łódzkie Łódź
95%
637 683 dolnośląskie Wrocław
93%
246 991 pomorskie Gdynia
92%
540 372 wielkopolskie Poznań
92%
340 466 lubelskie Lublin
90%
404 878 zachodniopomorskie Szczecin
90%
298 111 śląskie Katowice
89%
296 628 podlaskie Białystok
87%
353 938 kujawsko-pomorskie Bydgoszcz
87%
202 521 kujawsko-pomorskie Toruń
83%
197 704 świętokrzyskie Kielce
79%
128 043 opolskie Opole
78%
188 021 podkarpackie Rzeszów
78%
215 020 mazowieckie Radom
76%
139 330 lubuskie Zielona Góra
76%
172 993 warmińsko-mazurskie Olsztyn
75%
226 225 śląskie Częstochowa
73%
36 849 pomorskie Sopot
73%
205 873 śląskie Sosnowiec
69%
182 156 śląskie Gliwice
68%
123 995 lubuskie Gorzów Wielkopolski
68%
175 459 śląskie Zabrze
65%
121 191 warmińsko-mazurskie Elbląg
61%
172 030 śląskie Bielsko Biała
60%
121 295 mazowieckie Płock
59%
169 617 śląskie Bytom
58%
109 398 śląskie Chorzów
58%
107 680 zachodniopomorskie Koszalin
58%
110 110 małopolskie Tarnów
58%
46 463 zachodniopomorskie Kołobrzeg
56%
73 154 dolnośląskie Lubin
56%
69 626 podlaskie Suwałki
56%
100 718 dolnośląskie Legnica
53%
102 249 wielkopolskie Kalisz
52%
83 993 małopolskie Nowy Sącz
51%
128 351 śląskie Tychy
51%
80 524 dolnośląskie Jelenia Góra
50%
114 568 dolnośląskie Wałbrzych
50%
112 483 kujawsko-pomorskie Włocławek
50%
61 074 warmińsko-mazurskie Ełk
48%
74 694 łódzkie Piotrków Trybunalski
48%
139 252 śląskie Rybnik
48%
121 802 śląskie Dąbrowa Górnicza
46%
64 648 lubelskie Zamość
46%
69 137 wielkopolskie Gniezno
45%
73 968 kujawsko-pomorskie Inowrocław
45%
75 342 wielkopolskie Konin
45%
73 987 wielkopolskie Piła
45%
91 935 pomorskie Słupsk
44%
62 154 podkarpaskie Przemyśl
43%
139 125 śląskie Ruda Śląska
43%
95 964 kujawsko-pomorskie Grudziądz
42%
41 115 zachodniopomorskie Świnoujście
42%
63 734 lubelskie Chełm
41%
60 866 mazowieckie Pruszków
40%
77 020 mazowieckie Siedlce
39%
58 326 łódzkie Bełchatów
38%
62 802 podlaskie Łomża
38%
46 565 podkarpackie Krosno
37%
38 848 pomorskie Malbork
37%
57 303 lubelskie Biała Podlaska
36%
68 477 zachodniopomorskie Stargard
36%
64 159 wielkopolskie Leszno
35%
33 412 małopolskie Nowy Targ
34%
47 595 podkarpackie Tarnobrzeg
34%
60 504 podkarpackie Mielec
33%
62 088 opolskie Kędzierzyn Koźle
32%
38 972 małopolskie Oświęcim
32%
30 373 podlaskie Augustów
31%
68 292 dolnośląskie Głogów
31%
63 601 łódzkie Tomaszów Mazowiecki
31%
89 883 śląskie Jastrzębie Zdrój
30%
92 473 śląskie Jaworzno
30%
74 592 śląskie Mysłowice
30%
52 337 mazowieckie Ostrołęka
30%
54 137 mazowieckie Legionowo
29%
62 400 podkarpackie Stalowa Wola
29%
70 554 świętokrzyskie Ostrowiec Świętokrzyski
28%
72 526 wielkopolskie Ostrów Wielkopolski
28%
48 408 lubelskie Puławy
28%
38 272 podkarpackie Sanok
28%
48 327 łódzkie Skierniewice
28%
60 276 pomorskie Tczew
28%
50 039 pomorskie Wejherowo
28%
56 929 łódzkie Zgierz
28%
44 474 opolskie Nysa
27%
66 265 łódzkie Pabianice
27%
47 092 mazowieckie Piaseczno
27%
62 013 śląskie Żory
27%
40 004 pomorskie Chojnice
26%
35 102 śląskie Cieszyn
26%
33 108 warmińsko-mazurskie Iława
26%
61 229 śląskie Tarnowskie Góry
26%
44 718 łódzkie Kutno
25%
46 583 łódzkie Radomsko
25%
57 555 śląskie Będzin
24%
44 383 mazowieckie Ciechanów
24%
35 713 podkarpackie Jasło
24%
67 905 śląskie Siemianowice Śląskie
24%
46 289 podkarpackie Dębica
23%
40 383 mazowieckie Mińsk Mazowiecki
23%
48 167 pomorskie Starogard Gdański
23%
40 362 zachodniopomorskie Szczecinek
23%
31 662 śląskie Żywiec
23%
38 217 podkarpackie Jarosław
22%
44 912 mazowieckie Otwock
22%
55 954 śląskie Piekary Śląskie
22%
55 404 śląskie Racibórz
22%
42 762 łódzkie Sieradz
22%
36 292 opolskie Brzeg
21%
33 248 warmińsko-mazurskie Ostróda
21%
46 449 świętokrzyskie Skarżysko Kamienna
21%
49 939 świętokrzyskie Starachowice
21%
57 959 dolnośląskie Świdnica
21%
48 573 śląskie Wodzisław Śląski
21%
50 274 śląskie Zawiercie
21%
31 089 dolnośląskie Zgorzelec
21%
30 048 małopolskie Bochnia
20%
33 090 zachodniopomorskie Police
20%
48 095 pomorskie Rumia
20%
50 644 śląskie Świętochłowice
20%
38 048 lubuskie Żary
20%
39 167 dolnośląskie Bolesławiec
19%
37 254 mazowieckie Wołomin
19%
30 593 mazowieckie Grodzisk Mazowiecki
18%
31 149 mazowieckie Mława
18%
39 258 lubuskie Nowa Sól
18%
36 122 małopolskie Olkusz
18%
39 885 lubelskie Świdnik
17%
40 504 mazowieckie Żyrardów
17%
37 291 małopolskie Chrzanów
16%
35 378 pomorskie Lębork
16%
40 114 śląskie Mikołów
16%
32 773 dolnośląskie Oława
16%
37 366 dolnośląskie Oleśnica
16%
36 971 mazowieckie Sochaczew
16%
34 985 lubelskie Kraśnik
15%
38 618 pomorskie Kwidzyn
15%
42 698 łódzkie Zduńska Wola
15%
30 106 pomorskie Pruszcz Gdański
14%
31 687 mazowieckie Marki
13%
32 157 śląskie Myszków
13%
35 631 śląskie Czechowice Dziedzice
12%
32 078 śląskie Czeladź
12%
38 652 śląskie Knurów
12%
34 784 mazowieckie Ząbki
12%
33 785 dolnośląskie Dzierżoniów
11%
30 413 lubelskie Łuków
11%
30 893 wielkopolskie Swarzędz
10%
31 375 wielkopolskie Luboń
8%
30 357 dolnośląskie Bielawa
6%
Nie znaleziono quizów pasujących do podanych kryteriów
Rozkład punktacji
Procent ludzi z każdym wynikiem
Percentyl według liczby udzielonych odpowiedzi
Twoja historia wyników
Nie rozwiązałeś tego quizu